000 01038nam a22002897a 4500
001 3966
003 FISKH
005 20240528144944.0
008 240528b cb ||||| |||| 00| 0 eng d
020 _a9780439711203
040 _aFISKH
_beng
_cFISKH
_dFISKH
050 _aQC921.B38
082 _a551.576
100 _aBauer, Marion Dane
245 _aClouds /
_cWritten by Marion Dane Bauer, John Wallace ; illustrated by John Wallace
250 _aFirst Scholastic printing, 2004
260 _aNew York :
_bScholastic,
_c2005
300 _a32 pages :
_bcolor illustrations ;
_c23 cm
505 _aF
520 _alouds come in many different shapes and sizes. They can be white and fluffy or dark and scary. But where do clouds come from? The answer is at your fingertips. Just open this book and read about the wonders of clouds....
521 8 _a360
_bLexile
521 8 _aF
_bRaz-Plus
650 _aClouds
_xWeather
700 _aWallace, John
_eIllustrator
942 _2ddc
_cBK
_n0
999 _c3966
_d3966